| 000 | 01043nam a22002417a 4500 | ||
|---|---|---|---|
| 003 | DO-SdBNP | ||
| 005 | 20240530073937.0 | ||
| 008 | 2020b dr |a| |||| 00| 0 spspa | ||
| 020 | _a9789945618242 | ||
| 040 |
_aDO-SdBNP _bspa _cBNPHU |
||
| 082 | 4 |
_aRD864.5 _bT775s _222 |
|
| 245 | 0 | 0 |
_aTras la senda ensayística de Pura Emeterio Rondón : _bun texto de autoría colectiva / _ccoordinación general Nieves Lidia Emeterio Rondón (Melania) ; colaboración en corrección de estilos Avelino Stanley |
| 260 |
_aSanto Domingo : _bAmigo Del Hogar, _c2020. |
||
| 300 |
_a268 p. : _bil. ; _c22 cm. |
||
| 590 | _aInventariado, 2021 / DG | ||
| 600 | 1 | 0 |
_aEmeterio Rondón, Pura _xCrítica e interpretación _978990 |
| 650 | 1 | 0 |
_aEnsayos dominicanos _965 |
| 650 | 1 | 4 |
_aLiteratura dominicana _978991 |
| 700 | 1 |
_aEmeterio Rondòn, Nieves Lidia _ecoordinación general _957746 |
|
| 700 | 1 |
_aStanley, Avelino, _d1959- _ecolaboración en corrección de estilos _91536 |
|
| 910 | _aInventariado, 2021 / DG/Validado. Control de calidad MFF | ||
| 942 |
_2ddc _cLBS1 |
||
| 999 |
_c49419 _d49419 |
||